Every WWE PPV World Championship Match Competitor Part 2 (2007-2014) - Statistics

General Stats
  • This quiz has been taken 65 times
  • The average score is 447 of 475
Answer Stats
Year Event Title Stipulation Champion or Challenger Answer % Correct
2008 The Great American Bash World Heavyweight Championship Singles Champion CM Punk
100%
2008 SummerSlam World Heavyweight Championship Singles Champion CM Punk
100%
2009 Challenger CM Punk
100%
2009 The Bash World Heavyweight Championship Singles Champion CM Punk
100%
2009 SummerSlam World Heavyweight Championship Tables, Ladders, and Chairs Champion CM Punk
100%
2009 Breaking Point World Heavyweight Championship Submission Champion CM Punk
100%
2009 Hell in a Cell World Heavyweight Championship Hell in a Cell Champion CM Punk
100%
2009 Challenger CM Punk
100%
2010 Challenger CM Punk
100%
2010 Challenger CM Punk
100%
2011 Challenger CM Punk
100%
2011 SummerSlam Undisputed WWE Championship Special Guest Referee WWE Champion CM Punk
100%
2011 SummerSlam WWE Championship Singles Champion CM Punk
100%
2011 Challenger CM Punk
100%
2011 Challenger CM Punk
100%
2011 WWE Championship Triple Threat Tables, Ladders, and Chairs Champion CM Punk
100%
2012 WWE Championship Special Guest Enforcer Champion CM Punk
100%
2012 Elimination Chamber WWE Championship Elimination Chamber Champion CM Punk
100%
2012 WWE Championship Singles Champion CM Punk
100%
2012 WWE Championship Chicago Street Fight Champion CM Punk
100%
2012 WWE Championship Singles Champion CM Punk
100%
2012 WWE Championship Triple Threat Champion CM Punk
100%
2012 WWE Championship No Disqualification & Special Guest Referee Champion CM Punk
100%
2012 WWE Championship Triple Threat Champion CM Punk
100%
2012 WWE Championship Singles Champion CM Punk
100%
2012 WWE Championship Hell in a Cell Champion CM Punk
100%
2012 WWE Championship Triple Threat Champion CM Punk
100%
2013 WWE Championship Singles Champion CM Punk
100%
2013 Challenger CM Punk
100%
2007 Backlash WWE Championship Fatal 4-Way Challenger Edge
100%
2007 Judgment Day World Heavyweight Championship Singles Champion Edge
100%
2007 One Night Stand World Heavyweight Championship Steel Cage Champion Edge
100%
2007 Vengeance: Night of Champions World Heavyweight Championship Last Chance Champion Edge
100%
2007 Armageddon World Heavyweight Championship Triple Threat Challenger Edge
100%
2008 Royal Rumble World Heavyweight Championship Singles Champion Edge
100%
2008 No Way Out World Heavyweight Championship Singles Champion Edge
100%
2008 WrestleMania XXIV World Heavyweight Championship Singles Champion Edge
100%
2008 Judgment Day World Heavyweight Championship (vacant) Singles Challenger Edge
100%
2008 One Night Stand World Heavyweight Championship (vacant) Tables, Ladders, and Chairs Challenger Edge
100%
2008 Night of Champions World Heavyweight Championship Singles Champion Edge
100%
2008 The Great American Bash WWE Championship Singles Challenger Edge
100%
2008 Survivor Series WWE Championship Triple Threat Challenger Edge
100%
2008 Armageddon WWE Championship Triple Threat Champion Edge
100%
2009 Royal Rumble WWE Championship No Disqualification Challenger Edge
100%
2009 No Way Out WWE Championship Elimination Chamber Champion Edge
100%
2009 Challenger Edge
100%
2009 WrestleMania 25 World Heavyweight Championship Triple Threat Champion Edge
100%
2009 Challenger Edge
100%
2009 Judgment Day World Heavyweight Championship Singles Champion Edge
100%
2009 Extreme Rules World Heavyweight Championship Ladder Champion Edge
100%
2010 Challenger Edge
100%
2010 Challenger Edge
100%
2010 Challenger Edge
100%
2010 Challenger Edge
100%
2010 Challenger Edge
100%
2011 Royal Rumble World Heavyweight Championship Singles Champion Edge
100%
2011 Elimination Chamber World Heavyweight Championship Elimination Chamber Champion Edge
100%
2011 WrestleMania XXVII World Heavyweight Championship Singles Champion Edge
100%
2007 New Year's Revolution WWE Championship Singles Champion John Cena
100%
2007 Royal Rumble WWE Championship Last Man Standing Champion John Cena
100%
2007 WrestleMania 23 WWE Championship Singles Champion John Cena
100%
2007 Backlash WWE Championship Fatal 4-Way Champion John Cena
100%
2007 Judgment Day WWE Championship Singles Champion John Cena
100%
2007 One Night Stand WWE Championship Falls Count Anywhere Champion John Cena
100%
2007 Vengeance: Night of Champions WWE Championship Five-Pack Challenge Champion John Cena
100%
2007 The Great American Bash WWE Championship Singles Champion John Cena
100%
2007 SummerSlam WWE Championship Singles Champion John Cena
100%
2007 Unforgiven WWE Championship Singles Champion John Cena
100%
2008 No Way Out WWE Championship Singles Challenger John Cena
100%
2008 WrestleMania XXIV WWE Championship Triple Threat Challenger John Cena
100%
2008 Backlash WWE Championship Fatal 4-Way Elimination Challenger John Cena
100%
2008 Night of Champions WWE Championship Singles Challenger John Cena
100%
2008 Survivor Series World Heavyweight Championship Singles Challenger John Cena
100%
2008 Armageddon World Heavyweight Championship Singles Champion John Cena
100%
2009 Royal Rumble World Heavyweight Championship Singles Champion John Cena
100%
2009 No Way Out World Heavyweight Championship Elimination Chamber Champion John Cena
100%
2009 Challenger John Cena
100%
2009 Backlash World Heavyweight Championship Last Man Standing Champion John Cena
100%
2009 Challenger John Cena
100%
2009 Challenger John Cena
100%
2009 Hell in a Cell WWE Championship Hell in a Cell Champion John Cena
100%
2009 Challenger John Cena
100%
2009 Survivor Series World Heavyweight Championship Triple Threat Champion John Cena
100%
2009 TLC: Tables, Ladders, and Chairs WWE Championship Tables Champion John Cena
100%
2010 Challenger John Cena
100%
2010 Elimination Chamber WWE Championship Singles Champion John Cena
100%
2010 Challenger John Cena
100%
2010 Extreme Rules WWE Championship Last Man Standing Champion John Cena
100%
2010 Over the Limit WWE Championship I Quit Champion John Cena
100%
2010 Fatal 4-Way WWE Championship Fatal 4-Way Champion John Cena
100%
2010 Challenger John Cena
100%
2010 Challenger John Cena
100%
2011 Challenger John Cena
100%
2011 Challenger John Cena
100%
2011 Over the Limit WWE Championship I Quit Champion John Cena
100%
2011 Capitol Punishment WWE Championship Singles Champion John Cena
100%
2011 Money in the Bank WWE Championship Singles Champion John Cena
100%
2011 WWE Champion John Cena
100%
2011 Challenger John Cena
100%
2011 WWE Championship Triple Threat Hell in a Cell Champion John Cena
100%
2011 Challenger John Cena
100%
2012 Challenger John Cena
100%
2012 Challenger John Cena
100%
2012 Challenger John Cena
100%
2013 Challenger John Cena
100%
2013 Extreme Rules WWE Championship Last Man Standing Champion John Cena
100%
2013 WWE Championship Three Stages of Hell Champion John Cena
100%
2013 WWE Championship Singles Champion John Cena
100%
2013 WWE Championship Special Guest Referee Champion John Cena
100%
2013 Challenger John Cena
100%
2013 Survivor Series World Heavyweight Championship Singles Champion John Cena
100%
2013 World Heavyweight Champion John Cena
100%
2014 Challenger John Cena
100%
2014 Challenger John Cena
100%
2014 Challenger John Cena
100%
2014 Battleground WWE World Heavyweight Championship Fatal 4-Way Champion John Cena
100%
2014 SummerSlam WWE World Heavyweight Championship Singles Champion John Cena
100%
2014 Challenger John Cena
100%
2007 Unforgiven World Heavyweight Championship Triple Threat Challenger Rey Mysterio
100%
2008 Royal Rumble World Heavyweight Championship Singles Challenger Rey Mysterio
100%
2008 No Way Out World Heavyweight Championship Singles Challenger Rey Mysterio
100%
2008 Unforgiven World Heavyweight Championship (vacant) Championship Scramble Challenger Rey Mysterio
100%
2009 Challenger Rey Mysterio
100%
2009 Challenger Rey Mysterio
100%
2010 Challenger Rey Mysterio
100%
2010 Challenger Rey Mysterio
100%
2010 Challenger Rey Mysterio
100%
2010 Money in the Bank World Heavyweight Championship Singles Champion Rey Mysterio
100%
2010 Money in the Bank World Heavyweight Championship Singles Champion Rey Mysterio
100%
2010 Challenger Rey Mysterio
100%
2010 Challenger Rey Mysterio
100%
2011 Challenger Rey Mysterio
100%
2007 WrestleMania 23 World Heavyweight Championship Title vs. Streak Challenger The Undertaker
100%
2007 Backlash World Heavyweight Championship Last Man Standing Champion The Undertaker
100%
2007 Cyber Sunday World Heavyweight Championship Special Guest Referee Challenger The Undertaker
100%
2007 Survivor Series World Heavyweight Championship Hell in a Cell Challenger The Undertaker
100%
2007 Armageddon World Heavyweight Championship Triple Threat Challenger The Undertaker
100%
2008 WrestleMania XXIV World Heavyweight Championship Singles Challenger The Undertaker
100%
2008 Backlash World Heavyweight Championship Singles Champion The Undertaker
100%
2008 Judgment Day World Heavyweight Championship (vacant) Singles Challenger The Undertaker
100%
2008 One Night Stand World Heavyweight Championship (vacant) Tables, Ladders, and Chairs Challenger The Undertaker
100%
2009 Challenger The Undertaker
100%
2009 Challenger The Undertaker
100%
2009 Challenger The Undertaker
100%
2009 Bragging Rights World Heavyweight Championship Fatal 4-Way Champion The Undertaker
100%
2009 Survivor Series World Heavyweight Championship Triple Threat Champion The Undertaker
100%
2009 TLC: Tables, Ladders, and Chairs World Heavyweight Championship Chairs Champion The Undertaker
100%
2010 Royal Rumble World Heavyweight Championship Singles Champion The Undertaker
100%
2010 Elimination Chamber World Heavyweight Championship Elimination Chamber Champion The Undertaker
100%
2010 Challenger The Undertaker
100%
2010 Challenger The Undertaker
100%
2010 Challenger The Undertaker
100%
2007 No Mercy WWE Championship Singles Challenger Triple H
100%
2007 No Mercy WWE Championship Singles Champion Triple H
100%
2007 No Mercy WWE Championship Last Man Standing Champion Triple H
100%
2008 WrestleMania XXIV WWE Championship Triple Threat Challenger Triple H
100%
2008 Backlash WWE Championship Fatal 4-Way Elimination Challenger Triple H
100%
2008 Judgment Day WWE Championship Steel Cage Champion Triple H
100%
2008 One Night Stand WWE Championship Last Man Standing Champion Triple H
100%
2008 Night of Champions WWE Championship Singles Champion Triple H
100%
2008 The Great American Bash WWE Championship Singles Champion Triple H
100%
2008 SummerSlam WWE Championship Singles Champion Triple H
100%
2008 Unforgiven WWE Championship Championship Scramble Champion Triple H
100%
2008 No Mercy WWE Championship Singles Champion Triple H
100%
2008 Cyber Sunday WWE Championship Singles Champion Triple H
100%
2008 Survivor Series WWE Championship Triple Threat Champion Triple H
100%
2008 Armageddon WWE Championship Triple Threat Challenger Triple H
100%
2009 Challenger Triple H
100%
2009 WrestleMania 25 WWE Championship Singles Champion Triple H
100%
2009 Backlash WWE Championship Six-Man Tag Champion Triple H
100%
2009 Challenger Triple H
100%
2009 Challenger Triple H
100%
2010 Challenger Triple H
100%
2007 Royal Rumble World Heavyweight Championship Singles Champion Batista
98%
2007 WrestleMania 23 World Heavyweight Championship Title vs. Streak Champion Batista
98%
2007 Backlash World Heavyweight Championship Last Man Standing Challenger Batista
98%
2007 Judgment Day World Heavyweight Championship Singles Challenger Batista
98%
2007 One Night Stand World Heavyweight Championship Steel Cage Challenger Batista
98%
2007 Vengeance: Night of Champions World Heavyweight Championship Last Chance Challenger Batista
98%
2007 The Great American Bash World Heavyweight Championship Triple Threat Challenger Batista
98%
2007 SummerSlam World Heavyweight Championship Singles Challenger Batista
98%
2007 Unforgiven World Heavyweight Championship Triple Threat Challenger Batista
98%
2007 No Mercy World Heavyweight Championship Punjabi Prison Champion Batista
98%
2007 Cyber Sunday World Heavyweight Championship Special Guest Referee Champion Batista
98%
2007 Survivor Series World Heavyweight Championship Hell in a Cell Champion Batista
98%
2007 Armageddon World Heavyweight Championship Triple Threat Champion Batista
98%
2008 Night of Champions World Heavyweight Championship Singles Challenger Batista
98%
2008 The Great American Bash World Heavyweight Championship Singles Challenger Batista
98%
2008 Unforgiven World Heavyweight Championship (vacant) Championship Scramble Challenger Batista
98%
2008 Cyber Sunday World Heavyweight Championship Special Guest Referee Challenger Batista
98%
2009 Tag Partner Batista
98%
2009 Challenger Batista
98%
2009 Challenger Batista
98%
2009 Challenger Batista
98%
2009 Challenger Batista
98%
2010 Challenger Batista
98%
2010 WrestleMania XXVI WWE Championship Singles Champion Batista
98%
2010 Challenger Batista
98%
2010 Challenger Batista
98%
2014 Challenger Batista
98%
2009 No Way Out WWE Championship Elimination Chamber Challenger Big Show
98%
2009 Challenger Big Show
98%
2009 Challenger Big Show
98%
2010 Challenger Big Show
98%
2010 Challenger Big Show
98%
2011 Challenger Big Show
98%
2011 Challenger Big Show
98%
2011 Challenger Big Show
98%
2011 Challenger Big Show
98%
2011 World Heavyweight Championship Singles Champion Big Show
98%
2012 Challenger Big Show
98%
2012 Challenger Big Show
98%
2012 Challenger Big Show
98%
2012 Challenger Big Show
98%
2012 Survivor Series World Heavyweight Championship Singles Champion Big Show
98%
2012 TLC: Tables, Ladders, and Chairs World Heavyweight Championship Chairs Champion Big Show
98%
2013 Challenger Big Show
98%
2013 Challenger Big Show
98%
2013 Challenger Big Show
98%
2007 The Great American Bash World Heavyweight Championship Triple Threat Challenger Kane
98%
2008 Unforgiven World Heavyweight Championship (vacant) Championship Scramble Challenger Kane
98%
2009 Challenger Kane
98%
2010 Challenger Kane
98%
2010 SummerSlam World Heavyweight Championship Singles Champion Kane
98%
2010 Night of Champions World Heavyweight Championship No Holds Barred Champion Kane
98%
2010 Hell in a Cell World Heavyweight Championship Hell in a Cell Champion Kane
98%
2010 Bragging Rights World Heavyweight Championship Buried Alive Champion Kane
98%
2010 Survivor Series World Heavyweight Championship Singles Champion Kane
98%
2010 TLC: Tables, Ladders, and Chairs World Heavyweight Championship Fatal 4-Way Tables, Ladders, and Chairs Champion Kane
98%
2011 Challenger Kane
98%
2012 Challenger Kane
98%
2014 Challenger Kane
98%
2014 Challenger Kane
98%
2014 Challenger Kane
98%
2007 Backlash WWE Championship Fatal 4-Way Challenger Randy Orton
98%
2007 Vengeance: Night of Champions WWE Championship Five-Pack Challenge Challenger Randy Orton
98%
2007 SummerSlam WWE Championship Singles Challenger Randy Orton
98%
2007 Unforgiven WWE Championship Singles Challenger Randy Orton
98%
2007 No Mercy WWE Championship Singles Champion Randy Orton
98%
2007 No Mercy WWE Championship Last Man Standing Challenger Randy Orton
98%
2007 Cyber Sunday WWE Championship Singles Champion Randy Orton
98%
2007 Survivor Series WWE Championship Singles Champion Randy Orton
98%
2007 Armageddon WWE Championship Singles Champion Randy Orton
98%
2008 Royal Rumble WWE Championship Singles Champion Randy Orton
98%
2008 No Way Out WWE Championship Singles Champion Randy Orton
98%
2008 WrestleMania XXIV WWE Championship Triple Threat Champion Randy Orton
98%
2008 Backlash World Heavyweight Championship Fatal 4-Way Elimination Champion Randy Orton
98%
2008 Judgment Day WWE Championship Steel Cage Challenger Randy Orton
98%
2008 One Night Stand WWE Championship Last Man Standing Challenger Randy Orton
98%
2009 Challenger Randy Orton
98%
2009 Challenger Randy Orton
98%
2009 Judgment Day WWE Championship Singles Champion Randy Orton
98%
2009 Extreme Rules WWE Championship Steel Cage Champion Randy Orton
98%
2009 The Bash WWE Championship Three Stages of Hell Champion Randy Orton
98%
2009 SummerSlam WWE Championship Singles Champion Randy Orton
98%
2009 Breaking Point WWE Championship I Quit Champion Randy Orton
98%
2009 Challenger Randy Orton
98%
2009 Bragging Rights WWE Championship 60-Minute Anything Goes Iron Man Champion Randy Orton
98%
2010 Challenger Randy Orton
98%
2010 Challenger Randy Orton
98%
2010 Challenger Randy Orton
98%
2010 Challenger Randy Orton
98%
2010 Challenger Randy Orton
98%
2010 Challenger Randy Orton
98%
2010 Hell in a Cell WWE Championship Hell in a Cell Champion Randy Orton
98%
2010 Bragging Rights WWE Championship Singles Champion Randy Orton
98%
2010 Survivor Series WWE Championship Special Guest Referee Champion Randy Orton
98%
2010 Challenger Randy Orton
98%
2011 Challenger Randy Orton
98%
2011 Over the Limit World Heavyweight Championship Singles Champion Randy Orton
98%
2011 Capitol Punishment World Heavyweight Championship Singles Champion Randy Orton
98%
2011 Money in the Bank World Heavyweight Championship Singles Champion Randy Orton
98%
2011 Challenger Randy Orton
98%
2011 Night of Champions World Heavyweight Championship Singles Champion Randy Orton
98%
2011 Challenger Randy Orton
98%
2012 Challenger Randy Orton
98%
2013 Challenger Randy Orton
98%
2013 WWE Championship Singles Champion Randy Orton
98%
2013 Challenger Randy Orton
98%
2013 Challenger Randy Orton
98%
2013 WWE Championship Singles Champion Randy Orton
98%
2013 TLC: Tables, Ladders, and Chairs WWE Championship & World Heavyweight Championship Unification Match WWE Champion Randy Orton
98%
2014 Royal Rumble WWE World Heavyweight Championship Singles Champion Randy Orton
98%
2014 Elimination Chamber WWE World Heavyweight Championship Elimination Chamber Champion Randy Orton
98%
2014 WrestleMania XXX WWE World Heavyweight Championship Triple Threat Champion Randy Orton
98%
2014 Challenger Randy Orton
98%
2014 Challenger Randy Orton
98%
2007 WrestleMania 23 WWE Championship Singles Challenger Shawn Michaels
98%
2007 Backlash WWE Championship Fatal 4-Way Challenger Shawn Michaels
98%
2007 Cyber Sunday WWE Championship Singles Challenger Shawn Michaels
98%
2007 Survivor Series WWE Championship Singles Challenger Shawn Michaels
98%
2008 No Mercy World Heavyweight Championship Ladder Challenger Shawn Michaels
98%
2009 Challenger Shawn Michaels
98%
2009 Challenger Sheamus
98%
2010 Royal Rumble WWE Championship Singles Champion Sheamus
98%
2010 Elimination Chamber WWE Championship Elimination Chamber Champion Sheamus
98%
2010 Challenger Sheamus
98%
2010 Money in the Bank WWE Championship Steel Cage Champion Sheamus
98%
2010 SummerSlam WWE Championship Last Chance Champion Sheamus
98%
2010 Night of Champions WWE Championship Six-Pack Elimination Champion Sheamus
98%
2010 Challenger Sheamus
98%
2012 Challenger Sheamus
98%
2012 Extreme Rules World Heavyweight Championship Two Out of Three Falls Champion Sheamus
98%
2012 Over the Limit World Heavyweight Championship Fatal 4-Way Champion Sheamus
98%
2012 No Way Out World Heavyweight Championship Singles Champion Sheamus
98%
2012 Money in the Bank World Heavyweight Championship Singles Champion Sheamus
98%
2012 SummerSlam World Heavyweight Championship Singles Champion Sheamus
98%
2012 Night of Champions World Heavyweight Championship Singles Champion Sheamus
98%
2012 Hell in a Cell World Heavyweight Championship Singles Champion Sheamus
98%
2012 Challenger Sheamus
98%
2012 Challenger Sheamus
98%
2014 Challenger Sheamus
98%
2014 Challenger Sheamus
98%
2014 Challenger Brock Lesnar
95%
2014 Night of Champions WWE World Heavyweight Championship Singles Champion Brock Lesnar
95%
2010 TLC: Tables, Ladders, and Chairs WWE Championship Tables Champion The Miz
95%
2011 Royal Rumble WWE Championship Singles Champion The Miz
95%
2011 Elimination Chamber WWE Championship Singles Champion The Miz
95%
2011 WrestleMania XXVII WWE Championship Singles Champion The Miz
95%
2011 Extreme Rules WWE Championship Triple Threat Steel Cage Champion The Miz
95%
2011 Challenger The Miz
95%
2011 Challenger The Miz
95%
2012 Challenger The Miz
95%
2007 Armageddon WWE Championship Singles Challenger Chris Jericho
93%
2008 Unforgiven World Heavyweight Championship (vacant) Championship Scramble Challenger Chris Jericho
93%
2008 No Mercy World Heavyweight Championship Ladder Champion Chris Jericho
93%
2008 Cyber Sunday World Heavyweight Championship Special Guest Referee Champion Chris Jericho
93%
2008 Survivor Series World Heavyweight Championship Singles Champion Chris Jericho
93%
2008 Armageddon World Heavyweight Championship Singles Challenger Chris Jericho
93%
2009 Challenger Chris Jericho
93%
2009 Challenger Chris Jericho
93%
2010 Challenger Chris Jericho
93%
2010 WrestleMania XXVI World Heavyweight Championship Singles Champion Chris Jericho
93%
2010 Challenger Chris Jericho
93%
2012 Challenger Chris Jericho
93%
2012 Challenger Chris Jericho
93%
2012 Challenger Chris Jericho
93%
2012 Challenger Chris Jericho
93%
2011 Challenger Christian
93%
2011 Challenger Christian
93%
2011 Challenger Christian
93%
2011 Challenger Christian
93%
2011 SummerSlam World Heavyweight Championship No Holds Barred Champion Christian
93%
2013 Challenger Christian
93%
2014 Challenger Christian
93%
2011 Challenger Daniel Bryan
93%
2012 Royal Rumble World Heavyweight Triple Threat Steel Cage Champion Daniel Bryan
93%
2012 World Heavyweight Championship Elimination Chamber Champion Daniel Bryan
93%
2012 WrestleMania XXVIII World Heavyweight Championship Singles Champion Daniel Bryan
93%
2012 Challenger Daniel Bryan
93%
2012 Challenger Daniel Bryan
93%
2012 Challenger Daniel Bryan
93%
2012 Challenger Daniel Bryan
93%
2013 Challenger Daniel Bryan
93%
2013 WWE Championship Special Guest Referee Champion Daniel Bryan
93%
2013 Challenger Daniel Bryan
93%
2013 WWE Championship (vacant) Singles Challenger Daniel Bryan
93%
2013 WWE Championship (vacant) Special Guest Referee Hell in a Cell Challenger Daniel Bryan
93%
2014 Challenger Daniel Bryan
93%
2014 Challenger Daniel Bryan
93%
2014 Extreme Rules WWE World Heavyweight Championship Extreme Rules Champion Daniel Bryan
93%
2008 Royal Rumble WWE Championship Singles Challenger Jeff Hardy
93%
2008 Unforgiven WWE Championship Championship Scramble Challenger Jeff Hardy
93%
2008 No Mercy WWE Championship Singles Challenger Jeff Hardy
93%
2008 Cyber Sunday WWE Championship Singles Challenger Jeff Hardy
93%
2008 Armageddon WWE Championship Triple Threat Challenger Jeff Hardy
93%
2009 Royal Rumble WWE Championship No Disqualification Champion Jeff Hardy
93%
2009 Challenger Jeff Hardy
93%
2009 Challenger Jeff Hardy
93%
2009 Challenger Jeff Hardy
93%
2009 Extreme Rules World Heavyweight Championship Singles Champion Jeff Hardy
93%
2009 Challenger Jeff Hardy
93%
2009 Challenger Jeff Hardy
93%
2014 Challenger Roman Reigns
93%
2014 Challenger Roman Reigns
93%
2013 Challenger The Rock
90%
2013 WWE Championship Singles Champion The Rock
90%
2013 WWE Championship Singles Champion The Rock
90%
2010 Challenger Alberto Del Rio
88%
2011 Challenger Alberto Del Rio
88%
2011 Extreme Rules World Heavyweight Championship (vacant) Ladder Challenger Alberto Del Rio
88%
2011 Challenger Alberto Del Rio
88%
2011 Night of Champions WWE Championship Singles Champion Alberto Del Rio
88%
2011 Challenger Alberto Del Rio
88%
2011 Vengeance WWE Championship Last Man Standing Champion Alberto Del Rio
88%
2011 WWE Championship Singles Champion Alberto Del Rio
88%
2011 Challenger Alberto Del Rio
88%
2012 Challenger Alberto Del Rio
88%
2012 Challenger Alberto Del Rio
88%
2012 Challenger Alberto Del Rio
88%
2012 Challenger Alberto Del Rio
88%
2013 Royal Rumble World Heavyweight Championship Last Man Standing Champion Alberto Del Rio
88%
2013 Elimination Chamber World Heavyweight Championship Singles Champion Alberto Del Rio
88%
2013 WrestleMania 29 World Heavyweight Championship Singles Champion Alberto Del Rio
88%
2013 Challenger Alberto Del Rio
88%
2013 Money in the Bank World Heavyweight Championship Singles Champion Alberto Del Rio
88%
2013 SummerSlam World Heavyweight Championship Singles Champion Alberto Del Rio
88%
2013 Night of Champions World Heavyweight Championship Singles Champion Alberto Del Rio
88%
2013 Battleground World Heavyweight Championship Hardcore Champion Alberto Del Rio
88%
2013 Hell in a Cell World Heavyweight Championship Singles Champion Alberto Del Rio
88%
2013 Challenger Alberto Del Rio
88%
2014 Money in the Bank WWE World Heavyweight Championship (vacant) Ladder Challenger Alberto Del Rio
88%
2009 Challenger Cody Rhodes
88%
2012 Challenger Cody Rhodes
88%
2008 Backlash WWE Championship Fatal 4-Way Elimination Challenger JBL
85%
2008 SummerSlam World Heavyweight Championship Singles Challenger JBL
85%
2008 Unforgiven World Heavyweight Championship (vacant) Championship Scramble Challenger JBL
85%
2009 Royal Rumble World Heavyweight Championship Singles Challenger JBL
85%
2011 Challenger Mark Henry
85%
2011 Hell in a Cell World Heavyweight Championship Hell in a Cell Champion Mark Henry
85%
2011 Vengeance World Heavyweight Championship Singles Champion Mark Henry
85%
2011 Survivor Series World Heavyweight Championship Singles Champion Mark Henry
85%
2011 TLC: Tables, Ladders, and Chairs World Heavyweight Championship Chairs Champion Mark Henry
85%
2012 Challenger Mark Henry
85%
2013 Challenger Mark Henry
85%
2012 Challenger Ryback
85%
2012 Challenger Ryback
85%
2013 Challenger Ryback
85%
2013 Challenger Ryback
85%
2011 Challenger Dolph Ziggler
83%
2012 Challenger Dolph Ziggler
83%
2012 Challenger Dolph Ziggler
83%
2012 Challenger Dolph Ziggler
83%
2013 Payback World Heavyweight Championship Singles Champion Dolph Ziggler
83%
2013 Challenger Dolph Ziggler
83%
2010 Challenger R-Truth
83%
2011 Challenger R-Truth
83%
2012 Challenger R-Truth
83%
2007 New Year's Revolution WWE Championship Singles Challenger Umaga
83%
2007 Royal Rumble WWE Championship Last Man Standing Challenger Umaga
83%
2007 No Mercy WWE Championship Singles Challenger Umaga
83%
2010 Challenger Wade Barrett
83%
2010 Challenger Wade Barrett
83%
2010 Challenger Wade Barrett
83%
2011 Challenger Wade Barrett
83%
2012 Challenger Wade Barrett
83%
2014 Challenger Bray Wyatt
80%
2010 Extreme Rules World Heavyweight Championship Extreme Rules Champion Jack Swagger
80%
2010 Over the Limit World Heavyweight Championship Singles Champion Jack Swagger
80%
2010 Fatal 4-Way World Heavyweight Championship Fatal 4-Way Champion Jack Swagger
80%
2010 Challenger Jack Swagger
80%
2013 Challenger Jack Swagger
80%
2010 Challenger Kofi Kingston
80%
2012 Challenger Kofi Kingston
80%
2007 Judgment Day WWE Championship Singles Challenger The Great Khali
80%
2007 One Night Stand WWE Championship Falls Count Anywhere Challenger The Great Khali
80%
2007 The Great American Bash World Heavyweight Championship Triple Threat Champion The Great Khali
80%
2007 SummerSlam World Heavyweight Championship Singles Champion The Great Khali
80%
2007 Unforgiven World Heavyweight Championship Triple Threat Champion The Great Khali
80%
2007 No Mercy World Heavyweight Championship Punjabi Prison Challenger The Great Khali
80%
2008 SummerSlam WWE Championship Singles Challenger The Great Khali
80%
2012 Challenger The Great Khali
80%
2010 Challenger John Morrison
78%
2011 Challenger John Morrison
78%
2013 Challenger Rob Van Dam
78%
2013 Challenger Rob Van Dam
78%
2009 Tag Partner Shane McMahon
75%
2008 Survivor Series WWE Championship Triple Threat Challenger Vladimir Kozlov
75%
2009 Challenger Vladimir Kozlov
75%
2007 Vengeance: Night of Champions WWE Championship Five-Pack Challenge Challenger Bobby Lashley
73%
2007 The Great American Bash WWE Championship Singles Challenger Bobby Lashley
73%
2009 Challenger Ted DiBiase
73%
2010 Challenger Ted DiBiase
73%
2014 Challenger Cesaro
70%
2014 Challenger Cesaro
70%
2011 Challenger Drew McIntyre
65%
2007 Vengeance: Night of Champions WWE Championship Five-Pack Challenge Challenger King Booker
65%
2007 Vengeance: Night of Champions WWE Championship Five-Pack Challenge Challenger Mick Foley
65%
2007 Royal Rumble World Heavyweight Championship Singles Challenger Mr. Kennedy
65%
2012 Challenger Santino Marella
63%
2008 Unforgiven WWE Championship Championship Scramble Challenger The Brian Kendrick
48%
2011 Challenger Jerry Lawler
43%
2009 Challenger Mike Knox
43%
2008 Unforgiven WWE Championship Championship Scramble Challenger Shelton Benjamin
43%
2008 Unforgiven WWE Championship Championship Scramble Challenger Montel Vontavious Porter
8%
No matching quizzes found
Score Distribution
Percent of People with Each Score
Percentile by Number Answered
Your Score History
You have not taken this quiz